| 000 | 00451cam a2200169ua 4500 | ||
|---|---|---|---|
| 020 | _c78.00 | ||
| 041 |
_aeng _h |
||
| 082 |
_a658.4034 _bSHA/MA |
||
| 100 | _aSharma , J.K. . | ||
| 245 |
_aMathematical models in operations research / _cJ.K. Sharma. _hTextual Documents |
||
| 260 |
_aNew Delhi : _bTata Mc-Graw Hill Publishing Company , _c1989. |
||
| 300 | _a620 ; . | ||
| 365 | _a78.00 | ||
| 504 | _a | ||
| 942 | _cBK | ||
| 999 |
_c2842 _d2842 |
||